000 00305nam a2200121Ia 4500
008 220204s9999 xx 000 0 und d
082 _a551.4+62
_bCOA
245 0 _aGeomorphology and engineering.
260 _aNew York
_bDowen
_c1976
650 _aGeomorphology
700 _aCOATES, Donald R
942 _cBK
999 _c25629
_d25629